The Alchemist / (Record no. 614021)
[ view plain ]
| 000 -LEADER | |
|---|---|
| fixed length control field | 00375nam a22001337a 4500 |
| 020 ## - INTERNATIONAL STANDARD BOOK NUMBER | |
| International Standard Book Number | 9788172234980 |
| 040 ## - CATALOGING SOURCE | |
| Transcribing agency | NUST |
| 082 ## - DEWEY DECIMAL CLASSIFICATION NUMBER | |
| Edition number | 21st |
| Classification number | 869.3 |
| Author Mark | COE |
| 100 ## - MAIN ENTRY--PERSONAL NAME | |
| Personal name | Coelho, Panlo |
| 9 (RLIN) | 129316 |
| 245 ## - TITLE STATEMENT | |
| Title | The Alchemist / |
| Statement of responsibility, etc. | Panlo Coelho. |
| 260 ## - PUBLICATION, DISTRIBUTION, ETC. | |
| Place of publication, distribution, etc. | London: |
| Name of publisher, distributor, etc. | Haper Collins Publisher, |
| Date of publication, distribution, etc. | 2019. |
| 300 ## - PHYSICAL DESCRIPTION | |
| Extent | xiv, 161 p. : |
| Dimensions | 25 cm. |
| 942 ## - ADDED ENTRY ELEMENTS (KOHA) | |
| Source of classification or shelving scheme | |
| Koha item type | Book |
| Classification part | 869.3 |
| Withdrawn status | Lost status | Source of classification or shelving scheme | Damaged status | Not for loan | Permanent Location | Current Location | Date acquired | Total Checkouts | Total Renewals | Full call number | Barcode | Checked out | Date last seen | Date last checked out | Price effective from | Koha item type |
|---|---|---|---|---|---|---|---|---|---|---|---|---|---|---|---|---|
| Central Library (CL) | Central Library (CL) | 06/30/2025 | 6 | 1 | 869.3 COE | CL-D-2980 | 05/06/2026 | 04/06/2026 | 04/06/2026 | 06/30/2025 | Book |
